000 00633nam a2200193 i 4500
001 134206
003 ES-MaACL
005 20250730025322.0
007 t|
008 070906s1914 sp ||||1| spa d
100 1 _aXalabarder y Serra, Eduardo.
_9117486
245 1 3 _aEl tratamiento de la tuberculosis en general por medio de la inyecciones antituberculosas /
_cEduardo Xalabarder y Serra.
260 _aBarcelona :
_b[s.n.],
_c1914 (
_fTip. La Industria)
300 _a22 p. ;
_c21 cm.
650 1 7 _aTuberculosis
_2embne
_917658
852 _aES-MaACL
_j2237-F-4
_dOlim: T-1391-F-4
942 _2udc
999 _c134206
_d134206